Geoecología y desarrollo amazónico : (Registro nro. 1882)
[ vista simple ]
| 000 -CABECERA | |
|---|---|
| Campo de control | 01186cam a2200277 i 4500 |
| 005 - FECHA Y HORA DE LA ULTIMA TRANSACCION | |
| Campo de control | 20160119042003.0 |
| 008 - ELEMENTOS DE LONGITUD FIJA—INFORMACION GENERAL | |
| Campo de control | 991130s1998 fi ab r 00010 spa d |
| 020 ## - ISBN | |
| ISBN | 9512913380 |
| 040 ## - FUENTE DE CATALOGACIÓN | |
| Agencia catalogadora original | la |
| Agencia transcriptora | CO-BoIAVH |
| Agencia Modificadora | CO-BoIAVH |
| 041 0# - IDIOMA | |
| Código de idioma para texto/pista de sonido o título separado | Español |
| 043 ## - GEOGRAPHIC AREA CODE | |
| Geographic area code | s-pe--- |
| 082 04 - NUMERO DE CLASIFICACION DECIMAL DEWEY | |
| Número de clasificación | 333.72 |
| Número del ítem | G34g |
| 245 00 - MENCION DE TITULO | |
| Título | Geoecología y desarrollo amazónico : |
| Parte restante del título | estudio integrado en la zona de Iquitos, Perú / |
| Mención de responsabilidad | editores: Risto Kalliola, Salvador Flores Paitán. |
| 250 ## - MENCION DE EDICION | |
| Mención de edición | Editores Risto Kalliola, Salvador Flores Paitán. |
| 260 ## - PUBLICACION, DISTRIBUCION, ETC. (PIE DE IMPRENTA) | |
| Lugar de publicación, distribución, etc. | Turku, Finlandia : |
| Nombre del editor, distribuidor, etc. | Turun Yliopisto, |
| Fecha de publicación, distribución, etc. | 1998. |
| 300 ## - DESCRIPCION FISICA | |
| Extensión | 544 páginas : |
| Otros detalles físicos | ilustraciones y mapas + |
| Material acompañante | 2 Plegables. |
| 650 16 - ASIENTO SECUNDARIO DE MATERIA - TERMINO TEMATICO | |
| Término temático o nombre geográfico como elemento de entrada | Ecología |
| Subdivisión general | Investigaciones |
| Subdivisión geográfica | Iquitos (Perú) |
| 9 (RLIN) | 52681 |
| 650 26 - ASIENTO SECUNDARIO DE MATERIA - TERMINO TEMATICO | |
| Término temático o nombre geográfico como elemento de entrada | Protección del medio ambiente |
| Subdivisión general | Investigaciones |
| Subdivisión geográfica | Iquitos (Perú) |
| 9 (RLIN) | 52682 |
| 650 26 - ASIENTO SECUNDARIO DE MATERIA - TERMINO TEMATICO | |
| Término temático o nombre geográfico como elemento de entrada | Climatología |
| Subdivisión general | Investigaciones |
| Subdivisión geográfica | Iquitos (Perú) |
| 9 (RLIN) | 52683 |
| 650 26 - ASIENTO SECUNDARIO DE MATERIA - TERMINO TEMATICO | |
| Término temático o nombre geográfico como elemento de entrada | Uso de la tierra |
| Subdivisión general | Investigaciones |
| Subdivisión geográfica | Iquitos (Perú) |
| 9 (RLIN) | 52684 |
| 650 26 - ASIENTO SECUNDARIO DE MATERIA - TERMINO TEMATICO | |
| Término temático o nombre geográfico como elemento de entrada | Planificación regional |
| Subdivisión general | Investigaciones |
| Subdivisión geográfica | Iquitos (Perú) |
| 9 (RLIN) | 52685 |
| 700 1# - ASIENTO SECUNDARIO - NOMBRE PERSONAL | |
| Nombre personal | Kalliola, Risto, |
| Término de relación | edItor. |
| 9 (RLIN) | 13574 |
| 700 1# - ASIENTO SECUNDARIO - NOMBRE PERSONAL | |
| Nombre personal | Flores Paitán, Salvador, |
| Término de relación | edItor. |
| 9 (RLIN) | 13581 |
| 942 ## - ELEMENTOS ADICIONALES (KOHA) | |
| Sistema de clasificación | Dewey Decimal Classification |
| Tipo de ítem | Libro |
| 949 ## - LOCAL PROCESSING INFORMATION (OCLC) | |
| a | n |
| b | n |
| Withdrawn status | Lost status | Sistema de Clasificación | Damaged status | No para préstamo | Colección | Inventariado | Ubicación Permanente | Ubicación actual | Fecha de adquisición | Valor | Total Checkouts | Número topográfico | Inventario / Código de Barras | Date last seen | Ejemplar | Price effective from | Forma de adquisición | Tipo de material | Public note |
|---|---|---|---|---|---|---|---|---|---|---|---|---|---|---|---|---|---|---|---|
| Dewey Decimal Classification | General | Inventariado 2017 | Bogotá | Bogotá | 24/01/2001 | 39000.00 | LB-333.72 G34g | 002351 | 04/12/2012 | Ej. 1 | 04/12/2012 | Libro | |||||||
| Local | General | Villa de Leyva | Villa de Leyva | 24/01/2001 | LB-01713 | 002352 | 04/12/2012 | Ej. 1 | 04/12/2012 | Mapa | Mapa geoecológico de la zona de Iquitos, Perú |